Score 0/20 Timer 03:00
0 Plays Today
Mixed Word Answer % Correct
CANSACALBACasablanca
93.3%
MOES LSGRISome Girls
89%
MAILYF SITEFamily Ties
89%
HET DOD PUCEOLThe Odd Couple
86.5%
SUUJIL RASECAJulius Caesar
80.9%
TAVIEEvita
72.8%
KABLE SHEOUBleak House
72.4%
EVERLOVRRevolver
69.1%
SWAYALAlways
68.5%
SATE FO NEEDEast of Eden
62.9%
Mixed Word Answer % Correct
CHACOCoach
62.7%
MOMDOANCCommando
57.6%
NITENOPICInception
47.9%
ROPESLCSporcle
47%
REEMOLS CAPLEMelrose Place
45.8%
RIFESARFrasier
45.2%
FADGELOLOSGoodfellas
43.4%
HET DOAKIMThe Mikado
42.3%
FREETRARITSFirestarter
16.9%
TOEDMUNCDocument
8.3%
Remove Ads.
Support Sporcle.
Get the best of Sporcle when you Go Orange. This ad-free experience offers more features, more stats, and more fun while also helping to support Sporcle. Thank you for becoming a member.

You're not logged in!

Compare scores with friends on all Sporcle quizzes.
OR
Log In

Show Comments

Extras

Top Quizzes Today


Score Distribution

Your Account Isn't Verified!

In order to create a playlist on Sporcle, you need to verify the email address you used during registration. Go to your Sporcle Settings to finish the process.

Report this User

Report this user for behavior that violates our Community Guidelines.

Details: